Essentials of psychology : (Record no. 3874)
[ view plain ]
| 000 -LEADER | |
|---|---|
| fixed length control field | 00821cam a2200229 a 4500 |
| 001 - CONTROL NUMBER | |
| control field | 15019769 |
| 005 - DATE AND TIME OF LATEST TRANSACTION | |
| control field | 20250214162739.0 |
| 008 - FIXED-LENGTH DATA ELEMENTS--GENERAL INFORMATION | |
| fixed length control field | 070924s2009 maua b 001 0 eng |
| 020 ## - INTERNATIONAL STANDARD BOOK NUMBER | |
| International Standard Book Number | 9780547014555 (pbk.) |
| 020 ## - INTERNATIONAL STANDARD BOOK NUMBER | |
| International Standard Book Number | 0547014554 |
| 050 00 - LIBRARY OF CONGRESS CALL NUMBER | |
| Classification number | BF121 |
| Item number | .N416 2009 |
| 082 00 - DEWEY DECIMAL CLASSIFICATION NUMBER | |
| Classification number | 150 |
| Edition information | 22 |
| 100 1# - MAIN ENTRY--PERSONAL NAME | |
| Personal name | Nevid, Jeffrey S. |
| 245 10 - TITLE STATEMENT | |
| Title | Essentials of psychology : |
| Remainder of title | concepts and applications / |
| Statement of responsibility, etc. | Jeffrey S. Nevid. |
| 250 ## - EDITION STATEMENT | |
| Edition statement | 2nd ed. |
| 260 ## - PUBLICATION, DISTRIBUTION, ETC. | |
| Place of publication, distribution, etc. | Boston, MA : |
| Name of publisher, distributor, etc. | Houghton MIfflin, |
| Date of publication, distribution, etc. | c2009. |
| 300 ## - PHYSICAL DESCRIPTION | |
| Extent | xxvi, 522, [84] p. : |
| Other physical details | ill. ; |
| Dimensions | 28 cm. |
| 650 #0 - SUBJECT ADDED ENTRY--TOPICAL TERM | |
| Topical term or geographic name entry element | Psychology. |
| 856 42 - ELECTRONIC LOCATION AND ACCESS | |
| Materials specified | Publisher description |
| Uniform Resource Identifier | <a href="http://www.loc.gov/catdir/enhancements/fy1215/2007938108-d.html">http://www.loc.gov/catdir/enhancements/fy1215/2007938108-d.html</a> |
| 856 42 - ELECTRONIC LOCATION AND ACCESS | |
| Materials specified | Contributor biographical information |
| Uniform Resource Identifier | <a href="http://www.loc.gov/catdir/enhancements/fy1513/2007938108-b.html">http://www.loc.gov/catdir/enhancements/fy1513/2007938108-b.html</a> |
| 942 ## - ADDED ENTRY ELEMENTS (KOHA) | |
| Source of classification or shelving scheme | Library of Congress Classification |
| Koha item type | Books |
| Edition | 2nd Ed. |
| Suppress in OPAC | No |
| 999 ## - | |
| -- | 3874 |
| -- | 3874 |
| Withdrawn status | Lost status | Source of classification or shelving scheme | Damaged status | Not for loan | Collection | Home library | Current library | Shelving location | Date acquired | Total checkouts | Full call number | Barcode | Date last seen | Copy number | Price effective from | Koha item type |
|---|---|---|---|---|---|---|---|---|---|---|---|---|---|---|---|---|
| Library of Congress Classification | Non-fiction | Business Library (Miotso) | Business Library (Miotso) | General stacks | 02/14/2025 | BF121 .N416 2009 | BSSM00000804 | 02/14/2025 | 1 | 02/14/2025 | Books | |||||
| Library of Congress Classification | Non-fiction | Undergraduate Library (Christ Temple) | Undergraduate Library (Christ Temple) | General stacks | 08/25/2025 | BF 121.N416 NEV | ulct00004472 | 08/25/2025 | 1 | 08/25/2025 | Books |